Effectiveness of using organic fertilizer on (brassica campestris pekinennesis) at royal university of agriculture ប្រសិទ្ធភាពនៃការប្រើប្រាស់ជីធម្មជាតិលើដំណាំស្ពៃក្រញាញ់នៅស្ថានីយ៍ពិសោធន៍ដំណាំនាំសាកលវិទ្យាល័យភូមិន្ទកសិកម្ម (Record no. 820)

000 -LEADER
fixed length control field 00792nam a22001577a 4500
003 - CONTROL NUMBER IDENTIFIER
control field OSt
005 - DATE AND TIME OF LATEST TRANSACTION
control field 20150919105206.0
008 - FIXED-LENGTH DATA ELEMENTS--GENERAL INFORMATION
fixed length control field 150919b xxu||||| |||| 00| 0 eng d
040 ## - CATALOGING SOURCE
Transcribing agency RUA
082 ## - DEWEY DECIMAL CLASSIFICATION NUMBER
Classification number AGR KEO 2005 B031 Or.1
100 ## - MAIN ENTRY--PERSONAL NAME
9 (RLIN) 848
Personal name KEO, KIMAUN.
245 ## - TITLE STATEMENT
Title Effectiveness of using organic fertilizer on (brassica campestris pekinennesis) at royal university of agriculture ប្រសិទ្ធភាពនៃការប្រើប្រាស់ជីធម្មជាតិលើដំណាំស្ពៃក្រញាញ់នៅស្ថានីយ៍ពិសោធន៍ដំណាំនាំសាកលវិទ្យាល័យភូមិន្ទកសិកម្ម
260 ## - PUBLICATION, DISTRIBUTION, ETC. (IMPRINT)
Place of publication, distribution, etc. Phnom Penh
Name of publisher, distributor, etc. RUA
Date of publication, distribution, etc. 2005
300 ## - PHYSICAL DESCRIPTION
Extent x; 48p.
Other physical details ill.
Dimensions 29cm.
942 ## - ADDED ENTRY ELEMENTS (KOHA)
Source of classification or shelving scheme
Koha item type AGR
Holdings
Price effective from Date last seen Permanent Location Not for loan Date acquired Source of classification or shelving scheme Koha item type Barcode Lost status Damaged status Shelving location Withdrawn status Current Location Full call number
2015-09-192015-09-19Library Block B 2015-09-19 AGRRUA001574  B031 Library Block BAGR KEO 2005 B031 Or.1
មជ្ឈមណ្ឌលឯការនៃសាកលវិទ្យាល័យភូមិន្ទកសិកម្មចំការដូង

Powered by Koha